|
|
|
|
| LEADER |
01401nam a2200373 a 4500 |
| 001 |
c000172917 |
| 003 |
CARM |
| 005 |
20040309125235.0 |
| 008 |
750109s1973 enk 001 0 eng |
| 010 |
|
|
|a 74195384 //r88
|
| 015 |
|
|
|a GB74-02179
|
| 019 |
1 |
|
|a 352691
|z 44254760
|5 LACONCORD2021
|
| 020 |
|
|
|a 0297994867 :
|c £6.50.
|
| 020 |
|
|
|a 0297994875(pbk.)
|
| 020 |
|
|
|a 0297994867
|
| 020 |
|
|
|a 0297994875 (pbk.)
|
| 035 |
|
|
|a (OCoLC)1185915
|5 LACONCORD2021
|
| 040 |
|
|
|a LC
|b eng
|c LC
|d LC
|
| 050 |
|
4 |
|a HB145
|b .K85
|
| 050 |
0 |
0 |
|a HB145
|b .K85
|
| 082 |
0 |
4 |
|a 330/.01/515
|
| 100 |
1 |
|
|a Kuska, Edward A.
|q (Edward Arthur)
|
| 245 |
1 |
0 |
|a Maxima, minima and comparative statics :
|b a textbook for economists /
|c [by] Edward A. Kuska.
|
| 260 |
|
|
|a London :
|b Wiedenfeld and Nicolson,
|c 1973.
|
| 300 |
|
|
|a xvi, 263 p. ;
|c 23 cm.
|
| 490 |
1 |
|
|a Handbooks in economic analysis
|
| 500 |
|
|
|a Includes index.
|
| 650 |
|
0 |
|a Equilibrium (Economics)
|
| 650 |
|
0 |
|a Statics and dynamics (Social sciences)
|
| 710 |
2 |
|
|a London School of Economics and Political Science.
|
| 810 |
1 |
|
|a London.
|b School of Economics and Political Science.
|t Handbooks in economic analysis.
|
| 852 |
8 |
|
|b CARM
|h A2:AN18F0
|i C06186
|p 0165637
|f BK
|
| 999 |
f |
f |
|i 9bdd9729-f022-5262-b4e8-45c003c90262
|s f8936c23-4f02-5362-a126-3c598e1056d9
|
| 952 |
f |
f |
|p Can circulate
|a CAVAL
|b CAVAL
|c CAVAL
|d CARM 1 Store
|e C06186
|f A2:AN18F0
|h Other scheme
|i book
|m 0165637
|